[Event "Kraj´s Challenge"]
[Site "http://www.queenalice.com/game.php?id=703420"]
[Date "2009.12.26"]
[Round "-"]
[White "Krajnicov"]
[Black "PLQ"]
[Result "0-1"]
[WhiteElo "1408"]
[BlackElo "1263"]

1. e4 e5 2. Qf3 d6 3. Bc4 Be6 4. Bb5+ Nc6 5. Bxc6+ bxc6 6. Nc3 Nf6 7. h3 c5 8.
d3 Nd7 9. Nge2 Qf6 10. g4 Qxf3 11. Rg1 Qxh3 12. Rg3 Qh1+ 13. Ng1 Be7 14. Ne2 Rb8
15. c4 O-O 16. Be3 Qh4 17. Nf3 Qh1+ 18. Nfg1 Qh4 19. Kd2 Nf6 20. Nf3 Qxg3 21.
fxg3 Rxb2+ 22. Ke1 Nxg4 23. Bc1 Rb7 24. Nc3 c6 25. Na4 Bd8 26. Bd2 d5 27. Nxc5
dxe4 28. dxe4 Rb5 29. Na4 Rb7 30. Nc5 Rc7 31. Na6 Rb7 32. Nc5 Re7 33. Nd3 Bxc4
34. Nc5 Bb6 35. Na4 Bd8 36. Nb2 Bb5 37. Bb4 c5 38. Bxc5 Ba5+ 39. Kd1 Nf2+ 40.
Kc2 Rc7 41. Nxe5 Ra8 42. a4 Be2 43. Rg1 Rxc5+ 44. Kb3 Rxe5 45. Rc1 Rxe4 46. Rc5
Rb8+ 47. Ka3 Re3+ 48. Ka2 Bc3 49. Nc4 Bxc4+ 50. Rxc4 Rxg3 51. Rf4 Nd1 52. Re4
Rg2+ 53. Ka3 Bb2+ 54. Ka2 Nc3# 0-1

[Event "Challenge"]
[Site "http://www.queenalice.com/game.php?id=707737"]
[Date "2010.1.3"]
[Round "-"]
[White "PLQ"]
[Black "jamesxirb"]
[Result "1-0"]
[WhiteElo "1254"]
[BlackElo "1084"]

1. Nf3 d6 2. d4 d5 3. Ne5 f6 4. Nf3 e6 5. e3 f5 6. Bb5+ c6 7. Bd3 Nf6 8. Nc3 Bd6
9. a4 Nbd7 10. b3 g6 11. Ba3 Bxa3 12. Rxa3 Qa5 13. Qd2 h6 14. O-O h5 15. h3 b5
16. b4 Qxb4 17. Nb1 Qb2 18. axb5 cxb5 19. c3 Qxd2 20. Nbxd2 a6 21. Ra5 Rb8 22.
Rb1 h4 23. Kf1 Rb6 24. Ke1 Rc6 25. Rc1 b4 26. Bxa6 Bxa6 27. c4 dxc4 28. Ra2 Nb8
29. Ne5 c3 30. Nxc6 cxd2+ 31. Kxd2 Kf7 32. Nxb8 Rxb8 33. Rxa6 Ne4+ 34. Kd3 Nxf2+
35. Ke2 Ne4 36. Ra7+ Kf6 37. Rh7 Ng3+ 38. Kd3 b3 39. Rxh4 b2 40. Rb1 Rb3+ 41.
Kc2 Rb5 42. Rxb2 g5 43. Rh6+ Kg7 44. Rxe6 Kf7 45. Rh6 Kg7 46. Rxb5 Kxh6 47. d5
Ne4 48. Kd3 Nd6 49. Rb6 Kh5 50. Rxd6 Kh4 51. Rf6 g4 52. hxg4 fxg4 53. Rh6+ Kg3
54. Rg6 Kh4 55. d6 Kh5 56. Rg8 Kh4 57. d7 Kg3 58. d8=Q Kxg2 59. Rxg4+ Kf2 60. e4
Kf3 61. Qd7 Kf2 62. e5 Kf3 63. Qf5# 1-0

[Event "Challenge"]
[Site "http://www.queenalice.com/game.php?id=712787"]
[Date "2010.1.12"]
[Round "-"]
[White "PLQ"]
[Black "samuelrmgs"]
[Result "1-0"]
[WhiteElo "1328"]
[BlackElo "1355"]

1. e4 e5 2. d3 Bc5 3. Be3 Bxe3 4. fxe3 Qf6 5. Nf3 Qb6 6. b3 Qxe3+ 7. Qe2 Qxe2+
8. Bxe2 Nf6 9. c4 d6 10. Nc3 Nc6 11. a3 a6 12. h3 h6 13. Nd5 O-O 14. Nxc7 Rb8
15. Nd5 Nxd5 16. cxd5 Nd8 17. Ng1 b5 18. b4 Kh8 19. Nf3 Nb7 20. Rc1 Bd7 21. Nd2
Ra8 22. Nb3 Rac8 23. Ra1 Rc7 24. Rc1 Rxc1+ 25. Nxc1 Nd8 26. Nb3 f6 27. g4 Nf7
28. h4 Kg8 29. Nd2 Kh7 30. O-O Rc8 31. Nb1 Nd8 32. Re1 Nb7 33. h5 Nd8 34. Kg2
Ra8 35. Nc3 Rc8 36. Rc1 Nb7 37. Rc2 Rc7 38. Bf3 g5 39. Kf2 Kg7 40. Ke2 Bc8 41.
Kd2 Kf7 42. Ra2 Ke7 43. Ne2 Kd7 44. Rc2 Rxc2+ 45. Kxc2 Kd8 46. Nc3 Bd7 47. a4
bxa4 48. Nb1 a5 49. bxa5 Nxa5 50. Kc3 Nb3 51. Bd1 Nc5 52. Bf3 Nb3 53. Bd1 Nc5
54. d4 a3 55. Nxa3 Na4+ 56. Kb3 Nb6 57. dxe5 fxe5 58. Nb5 Bxb5 59. Kb4 Bd7 60.
Ka5 Nc4+ 61. Kb4 Nb2 62. Be2 Ba4 63. Ka3 Bd7 64. Kxb2 Ba4 65. Ka3 Bd7 66. Kb3
Bc8 67. Kb4 Bd7 68. Ka5 Bc8 69. Kb6 1-0

[Event "Challenge"]
[Site "http://www.queenalice.com/game.php?id=717060"]
[Date "2010.1.20"]
[Round "-"]
[White "PLQ"]
[Black "kellyannsims"]
[Result "1-0"]
[WhiteElo "1285"]
[BlackElo "1176"]

1. e4 d6 2. d4 Nf6 3. Bd3 Nc6 4. Nf3 e6 5. Nc3 Nxd4 6. Nxd4 e5 7. Nf3 Bf5 8. Ng5
h6 9. exf5 Qd7 10. Nh3 d5 11. Bb5 c6 12. Be2 Bc5 13. O-O Qxf5 14. Re1 O-O 15. a3
a5 16. Na4 Bxf2+ 17. Nxf2 Rac8 18. Nb6 Rcd8 19. Qd3 e4 20. Qd4 a4 21. Nxa4 Ra8
22. Nb6 Rae8 23. Be3 Re6 24. c4 dxc4 25. Nxc4 Nd5 26. b4 b5 27. Bg4 Qg6 28. Bxe6
fxe6 29. Nd6 Rd8 30. Nb7 Rd7 31. Nc5 h5 32. Nxd7 Qf5 33. Rac1 e5 34. Nxe5 c5 35.
Rxc5 Nxe3 36. Qxe3 h4 37. Rc8+ Kh7 38. Rc5 g6 39. Qxe4 Kh6 40. Qxf5 gxf5 41.
Nf7+ Kh5 42. Rxf5+ Kg6 43. Ree5 h3 44. Nxh3 Kg7 45. Rxb5 Kh7 46. Rh5+ Kg6 47.
Nh8+ Kf6 48. Rbd5 Ke6 49. b5 Ke7 50. b6 Ke6 51. b7 Kf6 52. b8=Q Ke7 53. Qd8+ Ke6
54. Rh6# 1-0

[Event "Challenge"]
[Site "http://www.queenalice.com/game.php?id=724896"]
[Date "2010.2.2"]
[Round "-"]
[White "PLQ"]
[Black "QueenSarah"]
[Result "1-0"]
[WhiteElo "1297"]
[BlackElo "1286"]

1. e4 e5 2. d3 Bb4+ 3. Nc3 h6 4. a3 Bc5 5. Be2 Qf6 6. Be3 Bd6 7. Nd5 Qd8 8. c4
b6 9. b4 c6 10. Nc3 c5 11. Nd5 Bb7 12. Nf3 f6 13. O-O Ne7 14. Nc3 a6 15. Nd5
Nxd5 16. cxd5 1-0

[Event "Challenge"]
[Site "http://www.queenalice.com/game.php?id=733506"]
[Date "2010.2.17"]
[Round "-"]
[White "PLQ"]
[Black "lorenzaassuncao"]
[Result "1-0"]
[WhiteElo "1313"]
[BlackElo "1090"]

1. e4 e5 2. d3 Nc6 3. Nf3 d6 4. Be2 Nf6 5. Bg5 b6 6. c3 h6 7. Be3 b5 8. b4 g5 9.
Na3 a5 10. Nxb5 Ba6 11. Na3 Ng4 12. O-O f6 13. Qd2 d5 14. exd5 Qxd5 15. Nc4 Qxc4
16. dxc4 a4 17. a3 h5 18. b5 Na5 19. bxa6 Rxa6 20. Rab1 Bxa3 21. Rb8+ Ke7 22.
Rxh8 Nb3 23. Rh7+ Ke6 24. Qd5+ Kf5 25. Bd3# 1-0

[Event "Challenge"]
[Site "http://www.queenalice.com/game.php?id=739635"]
[Date "2010.3.1"]
[Round "-"]
[White "PLQ"]
[Black "jamesxirb"]
[Result "0-1"]
[WhiteElo "1320"]
[BlackElo "1176"]

1. e4 e5 2. d3 Ne7 3. c4 f5 4. Be2 c5 5. Nc3 fxe4 6. Nxe4 Nf5 7. Bg5 Qa5+ 8. Qd2
Qb4 9. Bh5+ g6 10. Bg4 Nd4 11. Kd1 Qb6 12. Ne2 h5 13. Bh3 h4 14. Bf6 Rh7 15.
Bxe5 Rh5 16. Bf6 Nbc6 17. Nxd4 cxd4 18. g4 Ra5 19. a3 Ra4 20. Bxh4 Bb4 21. Qc2
Qa5 22. Nf6+ Kd8 23. g5 b6 24. Bg3 Bb7 25. Nxd7 Ne7 26. f4 Bxh1 27. Qe2 b5 28.
Bf2 bxc4 29. dxc4 Rc8 30. Bxd4 Nc6 31. Bf6+ Kc7 32. Kc2 Kb7 33. Rxh1 Bd6 34. Be5
Bxe5 35. fxe5 Nd4+ 36. Kd3 Nxe2 37. Kxe2 Raxc4 38. Bg2+ Kc7 39. e6 Rc2+ 40. Kf3
Qd5+ 41. Kf4 Qxe6 42. Ne5 Qf5+ 43. Ke3 Qxe5+ 44. Kf3 Rf8+ 45. Kg4 Rxg2+ 46. Kh3
Qxg5 47. Rc1+ Kb8 48. Rc3 Rh8# 0-1

[Event "Challenge"]
[Site "http://www.queenalice.com/game.php?id=741279"]
[Date "2010.3.5"]
[Round "-"]
[White "PLQ"]
[Black "steinie"]
[Result "0-1"]
[WhiteElo "1328"]
[BlackElo "1100"]

1. e4 e5 2. d3 h6 3. Be2 Nc6 4. Nf3 d6 5. c4 Nf6 6. Qa4 b6 7. Qxc6+ Bd7 8. Qb7
Qb8 9. Qxb8+ Rxb8 10. a4 Ng4 11. Nh4 Nf6 12. Be3 c5 13. b3 g5 14. Nf3 g4 15. Nh4
h5 16. Nc3 Be7 17. Nd5 Bd8 18. Nc3 Nh7 19. Nb5 Bxh4 20. Nxa7 Ra8 21. Nb5 Ke7 22.
Nc7 Rab8 23. Nd5+ Kd8 24. a5 b5 25. a6 bxc4 26. bxc4 Bc6 27. a7 Rc8 28. Nb6 Rc7
29. a8=Q+ Bxa8 30. Rxa8+ Ke7 31. Rxh8 Nf6 32. Nd5+ Nxd5 33. cxd5 Ra7 34. O-O Bf6
35. Rxh5 Ra2 36. Bxg4 Ra3 37. Re1 Rxd3 38. Rf5 Ra3 39. f4 Ra4 40. fxe5 Bxe5 41.
Bg5+ f6 42. Bh6 Bd4+ 43. Kf1 c4 44. Rb1 Ra7 45. Bg7 c3 46. Rc1 Ra8 47. Bh6 Rh8
48. Rh5 Rg8 49. Be2 Kd7 50. Rh3 Re8 51. Bg4+ Kc7 52. Re1 Kb6 53. Rd3 Kc5 54. Bf3
Kc4 55. Red1 Be5 56. h4 Kb3 57. Rb1+ Kc2 58. Rc1+ Kxd3 59. h5 Rh8 60. Bg7 Rh7
61. Bf8 Kd2 62. Rd1+ Kc2 63. g4 Rh8 64. Bg7 Ra8 65. h6 Ra7 66. g5 Rf7 67. gxf6
Bxf6 68. Bxf6 Rxf6 69. h7 Rxf3+ 70. Ke2 Rf8 71. Rh1 Rh8 72. Ke3 Kb2 73. Rh2+ Kb1
74. Rh1+ Kb2 75. e5 dxe5 76. Kd3 c2 77. Rc1 Kxc1 0-1

[Event "Challenge"]
[Site "http://www.queenalice.com/game.php?id=746011"]
[Date "2010.3.14"]
[Round "-"]
[White "PLQ"]
[Black "lorenzaassuncao"]
[Result "1-0"]
[WhiteElo "1390"]
[BlackElo "1156"]

1. e4 Nc6 2. Nf3 e6 3. d3 e5 4. c4 h6 5. Bd2 d6 6. Nc3 b6 7. Nd5 a5 8. a4 Be6 9.
b3 Nb4 10. Nxb4 axb4 11. Bxb4 c5 12. Bc3 Nf6 13. Be2 Bh3 14. gxh3 Nh5 15. Bd2
Nf4 16. Bxf4 exf4 17. Qd2 g5 18. Qc3 Rg8 19. Kd1 Be7 20. Nd2 f6 21. Kc2 h5 22.
Bxh5+ Kd7 23. Bg4+ Kc7 24. Nf3 Qf8 25. Be6 Rh8 26. Ng1 Qh6 27. Qd2 Kc6 28. Bd5+
Kc7 29. Bxa8 f3 30. Bd5 f5 31. exf5 Qf6 32. Nxf3 Qxf5 33. Be4 Qf6 34. Nxg5 Qxg5
35. Qxg5 Bxg5 36. a5 Rxh3 37. a6 Rh8 38. a7 b5 39. a8=Q Rxa8 40. Rxa8 Bf4 41.
Ra7+ Kb8 42. Ra8+ Kc7 43. h3 d5 44. Bxd5 b4 45. Ra7+ Kc8 46. Rg1 Kb8 47. Ra8+
Kc7 48. Rg7+ Kd6 49. Rd8+ Ke5 50. h4 Bh6 51. Rh7 Bf4 52. Be4 1-0

[Event "Challenge"]
[Site "http://www.queenalice.com/game.php?id=757317"]
[Date "2010.4.6"]
[Round "-"]
[White "PLQ"]
[Black "Crhis"]
[Result "1-0"]
[WhiteElo "1345"]
[BlackElo "1225"]

1. e4 e5 2. d3 Bb4+ 3. Bd2 Nc6 4. Nf3 d6 5. c3 Bc5 6. b4 Bb6 7. b5 Bd7 8. bxc6
Bxc6 9. Be2 Nf6 10. Ng5 Rf8 11. c4 Nd7 12. Nxh7 Rh8 13. Ng5 Rf8 14. Bh5 g6 15.
Be2 Nc5 16. Nc3 f6 17. Nf3 Na6 18. Nd5 Bxd5 19. cxd5 Nc5 20. O-O Nd7 21. Bh6 Rh8
22. Qd2 Qe7 23. Be3 c5 24. Ne1 Rf8 25. Nc2 Rh8 26. a4 Bc7 27. Na3 Nb6 28. Nb5
Bd8 29. a5 Nc8 30. Nc3 f5 31. exf5 gxf5 32. Bg5 Qe6 33. dxe6 Bxg5 34. Qxg5 Ne7
35. Bh5+ Rxh5 36. Qxh5+ Kd8 37. Qh8+ Kc7 38. Qxa8 Kc6 39. Qxa7 Kc7 40. a6 Kd8
41. axb7 Nc8 42. Qa6 e4 43. b8=Q d5 44. Qbxc8+ 1-0

[Event "Challenge"]
[Site "http://www.queenalice.com/game.php?id=760594"]
[Date "2010.4.13"]
[Round "-"]
[White "PLQ"]
[Black "Crhis"]
[Result "1-0"]
[WhiteElo "1356"]
[BlackElo "1214"]

1. e4 e5 2. d3 Bc5 3. Be2 d6 4. Be3 Bxe3 5. fxe3 Nf6 6. Bf3 Bd7 7. c4 O-O 8. Nc3
b6 9. b4 Nc6 10. Nge2 Nxb4 11. a3 Nc6 12. Nd5 Rc8 13. Nxf6+ gxf6 14. O-O Kh8 15.
Qe1 Rg8 16. Qh4 Rg7 17. Kf2 Bf5 18. exf5 Ne7 19. e4 Ng6 20. Qg3 Qg8 21. Ke3 c6
22. h4 a6 23. h5 Nf8 24. Qf2 c5 25. Rab1 b5 26. cxb5 axb5 27. Rxb5 Rc6 28. Rb8
Rg6 29. hxg6 fxg6 30. g4 Rb6 31. Rxb6 gxf5 32. exf5 d5 33. d4 exd4+ 34. Kd3 Ne6
35. Rxe6 Qg7 36. Re8+ Qg8 37. Rxg8+ Kxg8 38. Bxd5+ Kg7 39. Rc1 Kh8 40. Rxc5 Kg7
41. Rc7+ Kh6 42. Qh4# 1-0

[Event "Challenge"]
[Site "http://www.queenalice.com/game.php?id=761737"]
[Date "2010.4.16"]
[Round "-"]
[White "PLQ"]
[Black "Crhis"]
[Result "1-0"]
[WhiteElo "1366"]
[BlackElo "1182"]

1. e4 e5 2. d3 d6 3. Be3 Nf6 4. c4 Be6 5. Nc3 Be7 6. Be2 O-O 7. Bh5 g6 8. Bf3
Nc6 9. Nge2 Nb4 10. a3 Nc6 11. b4 b6 12. b5 Na5 13. a4 Nb7 14. Nd5 Nxd5 15. exd5
Bf5 16. Ng3 Bd7 17. Be4 Bh4 18. Bh6 Re8 19. O-O Qe7 20. Qf3 Bxg3 21. Qxg3 Kh8
22. Rfe1 Qf6 23. Qf3 Qxf3 24. Bxf3 Nc5 25. Red1 Ne6 26. dxe6 Bxe6 27. Bxa8 c5
28. Bc6 d5 29. Bxe8 e4 30. dxe4 dxe4 31. Rac1 Bg4 32. Rd7 Kg8 33. Rxf7 Kh8 34.
Rf8# 1-0

[Event "Challenge"]
[Site "http://www.queenalice.com/game.php?id=762415"]
[Date "2010.4.17"]
[Round "-"]
[White "PLQ"]
[Black "Crhis"]
[Result "1-0"]
[WhiteElo "1375"]
[BlackElo "1171"]

1. e4 Nf6 2. d3 e5 3. Nf3 Bb4+ 4. c3 Bc5 5. a4 d6 6. b4 Bb6 7. c4 c6 8. Nc3 Be6
9. a5 Bc7 10. Be2 Na6 11. Qb3 Nh5 12. Be3 O-O 13. Ng5 Qxg5 14. Bxg5 Nf4 15. Bf3
Nxg2+ 16. Bxg2 f6 17. Be3 Nb8 18. Qd1 Na6 19. Qh5 Nxb4 20. Kd2 a6 21. Ra4 Nxd3
22. Kxd3 f5 23. Rb4 Rab8 24. Ba7 Rbc8 25. Ra4 fxe4+ 26. Nxe4 d5 27. cxd5 Bxd5
28. f3 Be6 29. Bh3 Rcd8+ 30. Ke3 Ra8 31. Bc5 Rad8 32. Bxe6+ Kh8 33. Bxf8 Rxf8
34. Bf5 Rxf5 35. Qxf5 g6 36. Qf8# 1-0

[Event "Challenge"]
[Site "http://www.queenalice.com/game.php?id=764008"]
[Date "2010.4.21"]
[Round "-"]
[White "PLQ"]
[Black "Crhis"]
[Result "1-0"]
[WhiteElo "1383"]
[BlackElo "1161"]

1. Nc3 e5 2. e4 Nf6 3. d3 Nc6 4. Nf3 Nb4 5. a3 Nc6 6. b4 d6 7. Be2 Be7 8. Be3
Be6 9. b5 Na5 10. a4 c6 11. Ng5 a6 12. bxc6 bxc6 13. O-O h6 14. Nxe6 fxe6 15.
Bh5+ Kd7 16. Be2 d5 17. d4 Bd6 18. Rb1 Rb8 19. Qd3 Ra8 20. Rfe1 g5 21. Bf3 Qc7
22. Kf1 Rhg8 23. h3 Rg7 24. g4 Rg6 25. Ke2 Rgg8 26. Rg1 Rg7 27. dxe5 Bxe5 28.
exd5 cxd5 29. Bd4 Bxd4 30. Qxd4 Qd6 31. Qxf6 Kc6 32. Qxg7 Rc8 33. Qxh6 Re8 34.
Qxg5 Nc4 35. h4 a5 36. Nb5 Qc5 37. h5 Qd4 38. Nxd4+ Kd6 39. Qg6 Re7 40. h6 Ne5
41. Qf6 Nc6 42. Nxc6 Kxc6 43. Qxe7 1-0

[Event "Challenge"]
[Site "http://www.queenalice.com/game.php?id=764078"]
[Date "2010.4.21"]
[Round "-"]
[White "PLQ"]
[Black "Arianna"]
[Result "0-1"]
[WhiteElo "1378"]
[BlackElo "1339"]

1. e4 Nf6 2. d3 Nc6 3. Nf3 e6 4. Bd2 Bd6 5. Be2 b6 6. c3 a5 7. a4 Bc5 8. O-O O-O
9. Ng5 Bb7 10. d4 Be7 11. e5 Nd5 12. Bd3 g6 13. Re1 h6 14. Nh3 f6 15. exf6 Bxf6
16. Bxh6 e5 17. Bxf8 Kxf8 18. Kf1 exd4 19. cxd4 Nde7 20. Nf4 Nxd4 21. Nxg6+ Kg7
22. Nxe7 Bxe7 23. Nc3 Kf8 24. Qh5 Bf6 25. Qh6+ Bg7 26. Qg6 c6 27. Rab1 Qh4 28.
Qd6+ Kg8 29. Qxd7 Qxh2 30. Qxb7 Qh1# 0-1

[Event "Challenge"]
[Site "http://www.queenalice.com/game.php?id=771177"]
[Date "2010.5.6"]
[Round "-"]
[White "Crhis"]
[Black "PLQ"]
[Result "0-1"]
[WhiteElo "1162"]
[BlackElo "1397"]

1. e4 e5 2. Nf3 d6 3. Bb5+ Bd7 4. Bc4 Be6 5. Bb5+ Nc6 6. Nc3 a6 7. Bc4 Be7 8. b3
Bxc4 9. d3 Be6 10. Be3 Nf6 11. Bg5 Nb4 12. Be3 Rb8 13. a3 Nc6 14. b4 b5 15. Rb1
Ng4 16. h3 Nxe3 17. fxe3 g6 18. g3 h6 19. Ne2 g5 20. Nc3 Bf6 21. Ne2 Ba2 22. Rc1
Qe7 23. Ra1 Be6 24. Qd2 h5 25. Nc3 Qd7 26. Rb1 Qe7 27. Qe2 Bg7 28. a4 bxa4 29.
Nxa4 Ba2 30. Ra1 Qe6 31. Nxg5 Qf6 32. Nf3 Bd5 33. exd5 Nxb4 34. Rb1 Qe7 35. c3
c5 36. Nb2 Nxd5 37. c4 Nc3 38. Qc2 Nxb1 39. Qxb1 f6 40. Nh4 Qe6 41. Kd2 Bh6 42.
Qe1 Rg8 43. Rg1 Rxb2+ 44. Kd1 Rb1+ 45. Kd2 Rxe1 46. Rxe1 Qxh3 47. Kc3 Rxg3 48.
Nf3 Rxf3 49. Rd1 Rxe3 50. Kb2 Rxd3 51. Rxd3 Qxd3 52. Ka2 Qxc4+ 53. Ka3 e4 54.
Kb2 e3 55. Ka3 e2 56. Kb2 e1=Q 57. Ka3 Qa1# 0-1

[Event "Challenge"]
[Site "http://www.queenalice.com/game.php?id=775325"]
[Date "2010.5.14"]
[Round "-"]
[White "Crhis"]
[Black "PLQ"]
[Result "1-0"]
[WhiteElo "1153"]
[BlackElo "1404"]

1. e4 e5 2. Nf3 Bd6 3. b3 b6 4. Bc4 c5 5. O-O Nf6 6. d3 a5 7. Nc3 Nc6 8. Nh4 Qe7
9. Bg5 Rb8 10. Nf5 Qf8 11. Be3 Bc7 12. Nb5 Rb7 13. Rb1 Bd8 14. Nbd6+ Qxd6 15.
Nxd6+ Ke7 16. Nxc8+ Kf8 17. Nd6 Rc7 18. Bxf7 Be7 19. Nf5 Bd8 20. Nd6 Be7 21. Nf5
Kxf7 22. Qh5+ Nxh5 23. Nxe7 Nxe7 24. g3 g6 25. c3 Rc6 26. Rbd1 Rf6 27. a3 h6 28.
d4 cxd4 29. cxd4 Rd6 30. dxe5 Rxd1 31. Rxd1 Ke6 32. Bd4 b5 33. Re1 Rc8 34. Be3
g5 35. b4 axb4 36. axb4 Rc4 37. Bd2 Kxe5 38. f3 Rc2 39. Be3 Rc4 40. Rd1 Rxb4 41.
Rxd7 Rb1+ 42. Kg2 Rb2+ 43. Kg1 Rb1+ 44. Kg2 Rb2+ 45. Bf2 Nc6 46. Kg1 Rb1+ 47.
Kg2 Rb2 48. Rd5+ Kf6 49. Rd6+ Ke7 50. Rxc6 Kd7 51. Rxh6 Ng7 52. Rh7 Ke6 53. Rxg7
1-0

[Event "Challenge"]
[Site "http://www.queenalice.com/game.php?id=777633"]
[Date "2010.5.19"]
[Round "-"]
[White "PLQ"]
[Black "Crhis"]
[Result "1/2-1/2"]
[WhiteElo "1360"]
[BlackElo "1149"]

1. e4 e5 2. d3 d6 3. Be2 g6 4. Be3 Bg7 5. Nc3 Nf6 6. Nf3 Be6 7. Ng5 Bd7 8. b3
Nc6 9. Nb5 Bh6 10. O-O Nb4 11. Nc3 Nc6 12. a3 Qe7 13. Nb5 Bc8 14. c4 Qd7 15. Qd2
b6 16. Rfe1 Qe7 17. Nh3 Bg7 18. Bh6 Rg8 19. Bxg7 Rxg7 20. Qh6 Kd7 21. Qxg7 Nd8
22. Ng5 Bb7 23. a4 Ne8 24. Qh6 Nf6 25. Nxh7 Nxh7 26. Qxh7 Ne6 27. Qh3 g5 28. g3
f6 29. Nd4 g4 30. Bxg4 Bxe4 31. dxe4 exd4 32. Bxe6+ Qxe6 33. Qxe6+ Kxe6 34. f4
c6 35. h4 Rg8 36. h5 Rxg3+ 37. Kf2 Rg4 38. Kf3 Rg5 39. fxg5 fxg5 40. Kg4 Kf6 41.
h6 Kg6 42. Rh1 d3 43. h7 d2 44. Rad1 d5 45. Rxd2 dxe4 46. h8=Q Kf7 47. Re2 Kg6
48. Rxe4 b5 49. cxb5 cxb5 50. axb5 a6 51. bxa6 Kf7 52. Kxg5 1/2-1/2

[Event "Challenge"]
[Site "http://www.queenalice.com/game.php?id=796640"]
[Date "2010.6.29"]
[Round "-"]
[White "PLQ"]
[Black "Crhis"]
[Result "1-0"]
[WhiteElo "1329"]
[BlackElo "1132"]

1. e4 Nf6 2. d3 d5 3. exd5 Nxd5 4. c3 e5 5. Qe2 Qe7 6. Nf3 f6 7. c4 Nf4 8. Bxf4
g5 9. Bd2 g4 10. Nh4 Bd7 11. Nc3 Nc6 12. Nd5 Qd6 13. Be3 h5 14. c5 Qxd5 15. Ng6
Bxc5 16. Nxh8 Qg8 17. Bxc5 Qxh8 18. h4 Qg8 19. g3 Qd5 20. Qe4 Qe6 21. Qg6+ Kd8
22. Qxh5 b6 23. Qh8+ Be8 24. Ba3 Ne7 25. Bxe7+ Qxe7 26. Bg2 Rb8 27. a3 Kc8 28.
h5 Kd7 29. h6 b5 30. Qg8 Rd8 31. h7 Bg6 32. h8=Q Rxg8 33. Qxg8 Bf7 34. Qxg4+ 1-0

[Event "Challenge"]
[Site "http://www.queenalice.com/game.php?id=805085"]
[Date "2010.7.18"]
[Round "-"]
[White "PLQ"]
[Black "lorenzaassuncao"]
[Result "1-0"]
[WhiteElo "1367"]
[BlackElo "1245"]

1. e4 e5 2. d3 c6 3. Be2 Qa5+ 4. Qd2 Qb5 5. c4 Qa6 6. Nc3 g6 7. Nf3 d6 8. Qc2
Nf6 9. Bg5 Nh5 10. b3 Bg7 11. a4 O-O 12. Nd2 Nf4 13. Bxf4 exf4 14. Nf3 c5 15.
Ra2 Nc6 16. Nd5 Qa5+ 17. Qd2 Qxd2+ 18. Kxd2 Be6 19. Nc7 Rac8 20. Nxe6 fxe6 21.
a5 b6 22. a6 Na5 23. Bd1 e5 24. Ng5 Bf6 25. h4 h6 26. Nf3 g5 27. hxg5 hxg5 28.
g4 b5 29. cxb5 d5 30. exd5 Rcd8 31. Rxa5 Rxd5 32. Bc2 c4 33. bxc4 Rd6 34. c5 Re6
35. Bb3 Re8 36. c6 e4 37. Bxe6+ Rxe6 38. c7 Re8 39. dxe4 Be5 40. Nxe5 Rxe5 41.
c8=Q+ Kg7 42. Qd7+ 1-0

[Event "Challenge"]
[Site "http://www.queenalice.com/game.php?id=806105"]
[Date "2010.7.20"]
[Round "-"]
[White "PLQ"]
[Black "vinoseco"]
[Result "0-1"]
[WhiteElo "1352"]
[BlackElo "1174"]

1. e4 d5 2. d3 e6 3. e5 Nc6 4. Nf3 f6 5. exf6 gxf6 6. d4 e5 7. dxe5 fxe5 8. Bg5
Nce7 9. Nxe5 h6 10. Be3 Qd6 11. Qd4 Nc6 12. Nxc6 bxc6 13. Qxh8 Kf7 14. Qd4 Ne7
15. Bd3 Bf5 16. O-O Qg6 17. Bxf5 Nxf5 18. Qe5 Re8 19. Qxc7+ Re7 20. Qf4 Re4 21.
Qc7+ Kg8 22. Bxa7 Nh4 23. f3 Qxg2# 0-1

[Event "Challenge"]
[Site "http://www.queenalice.com/game.php?id=810683"]
[Date "2010.7.30"]
[Round "-"]
[White "PLQ"]
[Black "Branca"]
[Result "1-0"]
[WhiteElo "1337"]
[BlackElo "1335"]

1. e4 b6 2. d4 Bb7 3. Bd3 d5 4. exd5 Bxd5 5. Nf3 Nf6 6. Nc3 Be6 7. b3 Nd5 8.
Nxd5 Qxd5 9. Be3 c5 10. c4 Qb7 11. dxc5 Nd7 12. cxb6 axb6 13. b4 Rc8 14. Rc1 Qa6
15. Qd2 f6 16. O-O Rxc4 17. Bxc4 Bxc4 18. Rfe1 Bxa2 19. h3 Qa5 20. bxa5 e5 21.
Rc8+ Ke7 22. Qxa2 e4 23. Nd2 f5 24. a6 g6 25. Bg5+ Nf6 26. a7 Bg7 27. a8=Q Rxc8
28. Qxc8 h6 29. Qa3+ Kf7 30. Qb3+ Ke7 31. Qb4+ Kf7 32. Bxf6 Kxf6 33. Qxb6+ Kg5
34. Qe3+ Kh5 35. Qd8 Be5 36. Qd6 Bxd6 37. g3 g5 38. Nc4 f4 39. gxf4 Bxf4 40.
Qxe4 Kh4 41. Kg2 h5 42. Qf5 g4 43. hxg4 1-0

[Event "Challenge"]
[Site "http://www.queenalice.com/game.php?id=838007"]
[Date "2010.9.25"]
[Round "-"]
[White "Crhis"]
[Black "PLQ"]
[Result "0-1"]
[WhiteElo "1147"]
[BlackElo "1378"]

1. e4 e5 2. Nf3 f6 3. Nh4 d6 4. Bb5+ c6 5. Ba4 b5 6. Bb3 Bd7 7. Qh5+ g6 8. Qf3
Be7 9. O-O c5 10. d3 Nc6 11. Nc3 Nd4 12. Bd5 Nxf3+ 13. gxf3 Rb8 14. Bb3 Nh6 15.
Nd5 Bh3 16. Bxh6 Bxf1 17. Kxf1 Qd7 18. Bg7 Rg8 19. Bh6 Qh3+ 20. Ke2 Qxh4 21. Kd2
Qxh6+ 22. Kc3 Bd8 23. Rd1 f5 24. exf5 gxf5 25. a4 Qxh2 26. axb5 Qxf2 27. Rd2
Qxf3 28. Nf6+ Kf8 29. Nxh7+ Ke7 30. Bxg8 Ba5+ 31. Kb3 Bxd2 32. Ka2 Rxg8 33. Kb1
Rg1+ 34. Ka2 Rg7 35. Nf8 Kxf8 36. c3 Qxd3 0-1

[Event "Challenge"]
[Site "http://www.queenalice.com/game.php?id=880923"]
[Date "2011.1.4"]
[Round "-"]
[White "PLQ"]
[Black "Crhis"]
[Result "1-0"]
[WhiteElo "1385"]
[BlackElo "1125"]

1. e4 e5 2. d3 Bb4+ 3. Bd2 Bc5 4. Nf3 Nc6 5. c3 d6 6. b4 Bxf2+ 7. Kxf2 Nf6 8.
Qa4 Qd7 9. Be2 Qg4 10. Be3 Bd7 11. Qb5 O-O 12. Qxb7 Ne7 13. Ng5 h6 14. Bxg4
Nxg4+ 15. Kf3 Nxe3 16. Kxe3 Rab8 17. Qxc7 Be6 18. Nxe6 fxe6 19. Qxe7 1-0